| 000 | 00349nam a22001457a 4500 | ||
|---|---|---|---|
| 003 | OSt | ||
| 005 | 20220209092101.0 | ||
| 008 | 220209b |||||||| |||| 00| 0 eng d | ||
| 020 | _a8180140288 | ||
| 040 | _cH U | ||
| 082 | _a624.151 | ||
| 100 |
_aArora Dr K. R. _929976 |
||
| 245 | _aSoil Mechanics And Undation Engineering | ||
| 942 |
_2ddc _cBOOKS _n0 |
||
| 999 |
_c29598 _d29598 |
||